Decision-making for dummies
Zapisane w:
| 1. autor: | |
|---|---|
| Format: | Sách |
| Język: | Undetermined |
| Wydane: |
John Wiley & Sons, Inc
2014
|
| Hasła przedmiotowe: | |
| Etykiety: |
Dodaj etykietę
Nie ma etykietki, Dołącz pierwszą etykiete!
|
| Thư viện lưu trữ: | Trung tâm Thư viện - Trường Đại học Công nghiệp TP. Hồ Chí Minh |
|---|
| LEADER | 00546nam a2200157Ia 4500 | ||
|---|---|---|---|
| 001 | UIH_04517 | ||
| 008 | 231011s9999 xx 000 0 und d | ||
| 082 | |a 658.403 | ||
| 100 | |a Jones, Dawna | ||
| 245 | 0 | |a Decision-making for dummies | |
| 245 | 0 | |c Jones, Dawna | |
| 260 | |b John Wiley & Sons, Inc | ||
| 260 | |c 2014 | ||
| 650 | |a Quyết định; Giải quyết vấn đề; Động lực (Tâm lý học); | ||
| 927 | |a Sách | ||
| 980 | |a Trung tâm Thư viện - Trường Đại học Công nghiệp TP. Hồ Chí Minh | ||